zpět

Detail výsledku týmu

Pivovarský Dvůr ST, Liberec

Datum a čas kvízu

44 Celkem bodů Celkový počet nahraných bodů na tomto kvízu bez doplňovacích otázek.
1. Pořadí na kvízu Konečné umístění týmu na tomto kvízu.

Zaznamenané odpovědi

# Otázka Odpověď Body Výsledky
1. Město Liberec si nechá zpracov... SIAL 1
2. Kterou památnou moskevskou bud... mauzoleum V. I. Lenina 1
3. Od středy do soboty se konal f... OneRepublic, Macklemore 0.5
4. V pondělí byl ministrem životn... po babičce 1
5. V neděli skončil, tradičně na... Jonas Vingegaard 1
6. Téma věnované Nobelově ceně a... Nobelova cena za mír, v Oslu 1
7. Zobrazený muž je nejspíš první... Jaroslav Vrchlický 1
8. Spojte jména laureátů s obory,... 1C 2D 3B 4A 1
9. Nobelovu cenu za mír mohou obd... Lékaři bez hranic 1
10. Některé oceněné objevy jsou, z... DDT 1